| 000 | 01148pamaa22003131i 4500 | ||
|---|---|---|---|
| 003 | EG-GICUC | ||
| 005 | 20260524152306.0 | ||
| 008 | 971218s1998 caua jrb 000 0 eng | ||
| 020 | _a0818683988 | ||
| 020 | _a9780818683985 | ||
| 040 |
_aEG-GICUC _cEG-GICUC _dEG-GICUC |
||
| 082 | 0 | 0 |
_a005.7404 _221 _bAb31 |
| 092 | 0 | 4 |
_221 _a005.7404 _bAb31 |
| 099 | _a005.7404 Ab31 | ||
| 100 | 1 | _eAuthor. | |
| 245 | 1 | 0 |
_aParallel database techniques / _c[edited by] Mahdi Abdelguerfi, Kam-Fai Wong. |
| 264 |
_aLos Alamitos, Calif. : _bIEEE Computer Society, _cc1998. |
||
| 300 |
_a 222 pages. : _billustration. ; _c26 cm. |
||
| 504 | _aIncludes bibliographical references. | ||
| 541 |
_aوزارة الثقافة ؛ _bالقاهرة ؛ _cإهداء ؛ _d2023. |
||
| 650 | 0 | _aParallel processing (Electronic computers) | |
| 650 | 0 | _aDatabase management. | |
| 700 | 1 | _aAbdelguerfi, Mahdi. | |
| 700 | 1 | _aWong, Kam-Fai. | |
| 856 | 4 | 2 |
_3Publisher description _uhttp://www.loc.gov/catdir/description/wiley039/97051310.html |
| 856 | 4 | 1 |
_3Table of contents _uhttp://www.loc.gov/catdir/toc/wiley031/97051310.html |
| 905 | _aHany | ||
| 942 |
_2ddc _cBK _e21 _n0 |
||
| 999 |
_c180298 _d180298 |
||